Elementary differential equations (Record no. 107)

MARC details
000 -LEADER
Fixed length control field 00505nam a2200193 4500
003 - CONTROL NUMBER IDENTIFIER
Control field SEACOMEC
005 - DATE AND TIME OF LATEST TRANSACTION
Control field 20240404125314.0
008 - FIXED-LENGTH DATA ELEMENTS--GENERAL INFORMATION
Fixed length control field 231005b |||||||| |||| 00| 0 eng d
020 ## - INTERNATIONAL STANDARD BOOK NUMBER / ISBN
Price $6.90
040 ## - CATALOGING SOURCE
Original cataloging agency SEACOMEC
082 ## - DEWEY DECIMAL CLASSIFICATION NUMBER
Classification number 515.35
Book Number B791
100 1# - MAIN ENTRY--PERSONAL NAME
Personal name Boyce,William E.
245 1# - TITLE STATEMENT
Title Elementary differential equations
Statement of responsibility William E. Boyce and Richard C. Diprima
250 ## - EDITION STATEMENT
Edition statement 7th ed.
260 ## - IMPRINT
Place of publication Singapore
Name of publisher John Wiley
Date of publication 2002
650 ## - SUBJECT ADDED ENTRY--TOPICAL TERM
Topical term Analysis
700 1# - ADDED ENTRY--PERSONAL NAME
Personal name Diprima, Richard C.
942 ## - ADDED ENTRY ELEMENTS (KOHA)
Koha item type Books
Holdings
Withdrawn status Lost status Source of classification Damaged status Not for loan Home library Current library Date acquired Total Checkouts Call number Accession number Date last seen Price effective from Koha item type Copy number
    Dewey Decimal Classification     SEACOM ENGINEERING COLLEGE SEACOM ENGINEERING COLLEGE 04/04/2024   515.35 B791 4855 04/04/2024 04/04/2024 Books  
    Dewey Decimal Classification     SEACOM ENGINEERING COLLEGE SEACOM ENGINEERING COLLEGE 04/04/2024   515.35 B791 4856 04/04/2024 04/04/2024 Books 1
    Dewey Decimal Classification     SEACOM ENGINEERING COLLEGE SEACOM ENGINEERING COLLEGE 04/04/2024   515.35 B791 4857 04/04/2024 04/04/2024 Books 2
    Dewey Decimal Classification     SEACOM ENGINEERING COLLEGE SEACOM ENGINEERING COLLEGE 04/04/2024   515.35 B791 4858 04/04/2024 04/04/2024 Books 3
    Dewey Decimal Classification     SEACOM ENGINEERING COLLEGE SEACOM ENGINEERING COLLEGE 04/04/2024   515.35 B791 4859 04/04/2024 04/04/2024 Books 4
© Seacom Engineering College, All rights reserved.      Powered by Koha